Návrh na zlepšenie procesu riadenia dokumentácie v spoločnosti Mlyn Pohronský Ruskov, a.s.

Gespeichert in:
Bibliographische Detailangaben
1. Verfasser: Matejov, Ľubomír, 1990- (Verfasst von)
Weitere Verfasser: Šrubařová, Ružena, 1963- (Betreuung Doktorarbeit)
Format: Manuskript Buch
Sprache:Slowakisch
Veröffentlicht: 2015
Schlagworte:
Online-Zugang:http://is.stuba.sk/zp/portal_zp.pl?podrobnosti=109839
Tags: Tag hinzufügen
Keine Tags, Fügen Sie das erste Tag hinzu!

MARC

LEADER 00000ntm a22000003a 4500
001 stuzp51303
003 SK-STU
005 20160719153820.2
007 ta
008 150427s2015----xo-----f-mn---000-0-slo-d
040 |a STU  |b slo 
041 0 |a slo 
100 1 |a Matejov, Ľubomír,  |d 1990-  |u 064000  |4 aut  |U MTF Materiálovotechnologická fakulta  |T MTF Ústav priemyselného inžinierstva a manažmentu  |X 44660  |U M4000  |Y 84  |7 A000044660 
242 0 1 |a Proposal for improving the documentation management process in Mlyn Pohronský Ruskov, a.s.  |y eng 
245 1 0 |a Návrh na zlepšenie procesu riadenia dokumentácie v spoločnosti Mlyn Pohronský Ruskov, a.s. 
260 |c 2015 
650 4 |a systém  |2 slo 
650 4 |a manažérstvo  |2 slo 
650 4 |a kvalita  |2 slo 
650 4 |a dokumentácia  |2 slo 
650 4 |a riadenie  |2 slo 
650 4 |a management  |2 eng 
650 4 |a quality  |2 eng 
650 4 |a documentation  |2 eng 
650 4 |a system  |2 eng 
650 4 |a management  |2 eng 
700 1 |a Šrubařová, Ružena,  |d 1963-  |4 ths  |X 45452  |7 A000045452 
856 4 |u http://is.stuba.sk/zp/portal_zp.pl?podrobnosti=109839 
996 |c M* DP-12201  |l MMSKP  |s P  |a 0  |w stuzp51303_0001 
SQL |a stuzp51303  |b DDP  |c SLO  |d Návrh na zlepšenie procesu riadenia dokumentácie v spoločnosti Mlyn Pohronský Ruskov, a.s.  |e 44660  |f Matejov, Ľubomír  |g 064000  |h 45452  |i Šrubařová, Ružena  |j 20150602  |k 189  |l 06  |m http://is.stuba.sk/zp/portal_zp.pl?podrobnosti=109839  |n I-PMA  |o 5.2.52. priemyselné inžinierstvo